| 000 | 00631nam a2200265Ia 4500 | ||
|---|---|---|---|
| 003 | OSt | ||
| 005 | 20220912144445.0 | ||
| 006 | a|||||r|||| 00| 0 | ||
| 007 | ta | ||
| 008 | 220909b |||||||| |||| 00| 0 eng d | ||
| 020 | _aSL0691995 | ||
| 024 | _a187427 | ||
| 037 | _cTextual | ||
| 040 |
_aCSL _beng _cCSL |
||
| 041 | _aeng | ||
| 082 | _aY:5.3.N5, L9 | ||
| 100 | _aKelsall R.K. | ||
| 245 | 0 | _aPopulation | |
| 250 | _a4th Ed. | ||
| 260 |
_aLondon _bLondon & Newyork _c1979 |
||
| 300 | _axii136 | ||
| 700 | _aKelsall R.K. | ||
| 942 |
_hY:5.3.N5, L9 _cTEXL _2CC |
||
| 999 |
_c8911 _d8911 |
||